• 首页
  • 本馆介绍
  • 公告通知
  • 最新文献
  • 馆藏检索
  • 电子资源
  • 读者导购
  • 参考咨询
  • 我的图书馆
  • 登录
  • 详细信息显示
  • 放入我的书架
  • 预约/预借图书
  • 作者相关作品
  • 分类相关作品
  • 丛书相关作品
  • 出版社相关作品

书目信息

  • 表格格式
  • 工作单格式
  • 卡片格式
题名:
海上跨国犯罪与国际刑事司法协助
    
 
作者: 裴兆斌 著
分册:  
出版信息: 北京   人民日报出版社  2017
页数: 171页
开本: 24cm
丛书名:
单 册:
中图分类: D997.9
科图分类:
主题词: 跨境犯罪--国际刑法--司法协助--研究
电子资源:
ISBN: 978-7-5115-4679-1
000 01231nam0 2200253 450
001 012001002777
005 20140926114740.0
010    @a978-7-5115-4679-1@b精装@dCNY68.00
100    @a20170905d2017 em y0chiy50 ea
101 0  @achi
102    @aCN@b110000
105    @ay z 000yy
106    @ar
200 1  @a海上跨国犯罪与国际刑事司法协助@9hai shang kua guo fan zui yu guo ji xing shi si fa xie zhu@f裴兆斌[等]著
210    @a北京@c人民日报出版社@d2017
215    @a171页@d24cm
300    @a人民日报学术文库 北京龙图教育/龙图法律研究院资助 《大连海洋大学——大连海事法院法学实践教育基地》项目资助 《大连海洋大学——蓝色法学课程群》项目资助 《大连海洋大学——法学特色学科B》项目资助等
304    @a著者还有:刘聪、石可欣、王倩颖
330    @a本书主要从探讨海上跨国犯罪的概念和特征的基础上,明晰了海上跨国犯罪的概念和范围,重点研究海上走私犯罪、海上恐怖主义犯罪、海上贩毒犯罪、海上洗钱犯罪等罪名,就海上跨国犯罪的行政管理组织:国际刑警组织进行了介绍,并对国际刑事司法协助的内涵、特点及基本原则进行了界定,对国际刑事司法协助程序进行了阐释。
606 0  @a跨境犯罪@x国际刑法@x司法协助@x研究
690    @aD997.9@v5
701  0 @a裴兆斌@9pei zhao bin@4著
801  0 @aCN@b上海新华@c20180901
905    @b1161491-5@dD997.9@e186@f5
    
    海上跨国犯罪与国际刑事司法协助/裴兆斌[等]著.-北京:人民日报出版社,2017
    171页;24cm
    人民日报学术文库 北京龙图教育/龙图法律研究院资助 《大连海洋大学——大连海事法院法学实践教育基地》项目资助 《大连海洋大学——蓝色法学课程群》项目资助 《大连海洋大学——法学特色学科B》项目资助等
    
    ISBN 978-7-5115-4679-1(精装):CNY68.00
    本书主要从探讨海上跨国犯罪的概念和特征的基础上,明晰了海上跨国犯罪的概念和范围,重点研究海上走私犯罪、海上恐怖主义犯罪、海上贩毒犯罪、海上洗钱犯罪等罪名,就海上跨国犯罪的行政管理组织:国际刑警组织进行了介绍,并对国际刑事司法协助的内涵、特点及基本原则进行了界定,对国际刑事司法协助程序进行了阐释。
●
相关链接 在E读中查询图书 在五车中查询图书 在当当中查询图书 在豆瓣中查询图书


正题名:海上跨国犯罪与国际刑事司法协助     索取号:D997.9/186         预约/预借

序号 登录号 条形码 馆藏地/架位号 状态 备注
1 1161491   211614911   第一样本阅览室/ [索取号:D997.9/186] 在馆    
2 1161492   211614920   密集书库-文学院/ [索取号:D997.9/186] 在馆    
3 1161493   211614939   第一借阅区/ [索取号:D997.9/186] 在馆    
4 1161494   211614948   第一借阅区/ [索取号:D997.9/186] 在馆    
5 1161495   211614957   第一借阅区/ [索取号:D997.9/186] 在馆    
唐山师范学院图书馆 欢迎您!
大连网信软件有限公司© 版权所有